Who really sends the missionary? (Record no. 10158)

000 -LEADER
fixed length control field 00554nam a2200181 a 4500
001 - CONTROL NUMBER
control field :::00007943$&:&@@
003 - CONTROL NUMBER IDENTIFIER
control field OkBaRHE
005 - DATE AND TIME OF LATEST TRANSACTION
control field 20000607103340.0
008 - FIXED-LENGTH DATA ELEMENTS--GENERAL INFORMATION
fixed length control field s1974 j 000 0 eng u
040 ## - CATALOGING SOURCE
Transcribing agency
100 1# - MAIN ENTRY--PERSONAL NAME
Personal name Griffiths, Michael C.
245 10 - TITLE STATEMENT
Title Who really sends the missionary?
260 ## - PUBLICATION, DISTRIBUTION, ETC. (IMPRINT)
Place of publication, distribution, etc Chicago, IL., :
Name of publisher, distributor, etc Moody Press
Date of publication, distribution, etc 1974
300 ## - PHYSICAL DESCRIPTION
Extent 48 p. ;
Dimensions
650 ## - SUBJECT ADDED ENTRY--TOPICAL TERM
Topical term or geographic name as entry element Missionaries
General subdivision Appointment, Call, Election
942 ## - ADDED ENTRY ELEMENTS (KOHA)
Source of classification or shelving scheme
Koha item type Books
Copies
Date acquired Koha item type Copy number Full call number Lost status Shelving location Barcode Date last seen Permanent Location Price effective from Withdrawn status Not for loan Source of classification or shelving scheme Damaged status
2010-04-14Books1BV 2063 .G58 General Stacks79432010-04-14RHEMA Bible Training College2010-04-14